[Event "HUN-ch Rapid 2019"]
[Site "Ajka"]
[Date "2019.07.21"]
[Round "12.11"]
[White "Jakab, Attila"]
[Black "Farago, Sandor"]
[Result "1-0"]
[WhiteElo "2377"]
[BlackElo "2210"]
[Annotator "NA"]
[PlyCount "89"]
[EventDate "2019.07.18"]
[EventType "swiss"]
[EventCountry "HUN"]
[SourceTitle "playchess.com"]
[Source "ChessBase"]
[SourceQuality "1"]
[TimeControl "1200+5"]

1. d4 {[%emt 0:00:40]} Nf6 {[%emt 0:00:01]} 2. c4 {[%emt 0:00:02]} g6 {[%emt 0:00:02]} 3. Nc3 {[%emt 0:00:02]} Bg7 {[%emt 0:00:02]} 4. e4 {[%emt 0:00:02]} d6 {[%emt 0:00:00]} 5. Nge2 {[%emt 0:00:03]} Nbd7 {[%emt 0:00:04]} 6. Ng3 {[%emt 0:00:02]} e5 {[%emt 0:00:02]} 7. d5 {[%emt 0:00:01]} a5 {[%emt 0:00:25]} 8. Be2 {[%emt 0:00:06]} Nc5 {[%emt 0:00:01]} 9. h4 {[%emt 0:00:08]} h5 {[%emt 0:00:06]} 10. Bg5 {[%emt 0:00:04]} Bd7 {[%emt 0:00:09]} 11. Qd2 {[%emt 0:00:26]} Qc8 {[%emt 0:00:03]} 12. O-O-O {[%emt 0:00:04]} a4 {[%emt 0:00:14]} 13. Rdf1 {[%emt 0:00:48]} b6 {[%emt 0:02:00]} 14. f4 {[%emt 0:01:14]} Nh7 {[%emt 0:00:22]} 15. f5 {[%emt 0:00:03]} Nxg5 {[%emt 0:00:06]} 16. hxg5 {[%emt 0:00:02]} h4 {[%emt 0:00:32]} 17. f6 {[%emt 0:00:49]} Bf8 {[%emt 0:00:10]} 18. Rh2 {[%emt 0:00:14]} Bg4 {[%emt 0:00:25]} 19. Rfh1 {[%emt 0:00:10]} Bxe2 {[%emt 0:00:01]} 20. Qxe2 {[%emt 0:00:08]} Qa6 {[%emt 0:00:24]} 21. Rxh4 {[%emt 0:00:24]} Rxh4 {[%emt 0:00:10]} 22. Rxh4 {[%emt 0:00:02]} O-O-O {[%emt 0:00:06]} 23. Rh7 {[%emt 0:00:26]} Rd7 {[%emt 0:00:09]} 24. Nh1 {[%emt 0:01:16]} Qa5 {[%emt 0:00:11]} 25. Kc2 {[%emt 0:00:07]} Qb4 {[%emt 0:00:28]} 26. Nf2 {[%emt 0:00:14]} Kb7 {[%emt 0:00:15]} 27. a3 {[%emt 0:02:00]} Qa5 {[%emt 0:00:09]} 28. Nd3 {[%emt 0:00:11]} Nb3 {[%emt 0:00:05]} 29. Qg4 {[%emt 0:00:07]} Nd4+ {[%emt 0:00:08]} 30. Kb1 {[%emt 0:00:03]} Rd8 {[%emt 0:00:06]} 31. Rxf7 {[%emt 0:00:06]} Qa6 {[%emt 0:00:08]} 32. Nb5 {[%emt 0:01:03]} Nxb5 {[%emt 0:00:04]} 33. cxb5 {[%emt 0:00:10]} Qxb5 {[%emt 0:00:01]} 34. Qe2 {[%emt 0:00:06]} Qc4 {[%emt 0:00:16]} 35. Nf4 {[%emt 0:00:41]} Qxe2 {[%emt 0:01:04]} 36. Nxe2 {[%emt 0:00:01]} b5 {[%emt 0:00:01]} 37. Ng1 {[%emt 0:00:09]} Kb6 {[%emt 0:00:03]} 38. Nf3 {[%emt 0:00:01]} c6 {[%emt 0:00:00]} 39. Nh4 {[%emt 0:00:10]} cxd5 {[%emt 0:00:09]} 40. exd5 {[%emt 0:00:12]} Kc5 {[%emt 0:00:26]} 41. Nxg6 {[%emt 0:00:02]} Kxd5 {[%emt 0:00:01]} 42. Nxf8 {[%emt 0:00:09]} Kc4 {[%emt 0:00:33]} 43. g6 {[%emt 0:00:05]} Kb3 {[%emt 0:00:18]} 44. Rc7 {[%emt 0:00:14]} b4 {[%emt 0:00:02]} 45. g7 {[%emt 0:00:01]} 1-0

[Event "HUN-ch Rapid 2019"]
[Site "Ajka"]
[Date "2019.07.21"]
[Round "12.12"]
[White "Popovics, Adam"]
[Black "Horvath, Tamas"]
[Result "1-0"]
[WhiteElo "2365"]
[BlackElo "2306"]
[Annotator "NA"]
[PlyCount "59"]
[EventDate "2019.07.18"]
[EventType "swiss"]
[EventCountry "HUN"]
[SourceTitle "playchess.com"]
[Source "ChessBase"]
[SourceQuality "1"]
[TimeControl "1200+5"]

1. d4 {[%emt 0:00:03]} Nf6 {[%emt 0:00:04]} 2. c4 {[%emt 0:00:01]} e6 {[%emt 0:00:02]} 3. Nc3 {[%emt 0:00:02]} Bb4 {[%emt 0:00:10]} 4. Qc2 {[%emt 0:00:01]} c5 {[%emt 0:00:17]} 5. dxc5 {[%emt 0:00:04]} O-O {[%emt 0:00:02]} 6. Nf3 {[%emt 0:00:02]} Na6 {[%emt 0:00:06]} 7. g3 {[%emt 0:00:12]} Nxc5 {[%emt 0:00:03]} 8. Bg2 {[%emt 0:00:01]} b6 {[%emt 0:00:24]} 9. O-O {[%emt 0:00:04]} Bxc3 {[%emt 0:00:06]} 10. Qxc3 {[%emt 0:00:03]} Bb7 {[%emt 0:00:07]} 11. b4 {[%emt 0:00:49]} Nce4 {[%emt 0:00:47]} 12. Qd4 {[%emt 0:00:12]} Qc7 {[%emt 0:01:19]} 13. Bb2 {[%emt 0:00:45]} Rac8 {[%emt 0:00:22]} 14. Rac1 {[%emt 0:00:23]} Rfd8 {[%emt 0:01:06]} 15. Qd3 {[%emt 0:04:38]} Ba6 {[%emt 0:01:35]} 16. Qe3 {[%emt 0:01:41]} Bb7 {[%emt 0:01:20]} 17. c5 {[%emt 0:01:37]} bxc5 {[%emt 0:00:11]} 18. bxc5 {[%emt 0:00:01]} Bd5 {[%emt 0:00:27]} 19. Ng5 {[%emt 0:00:47]} Qc6 {[%emt 0:01:57]} 20. Nxe4 {[%emt 0:00:35]} Nxe4 {[%emt 0:00:54]} 21. f3 {[%emt 0:01:21]} Nxc5 {[%emt 0:02:25]} 22. Qg5 {[%emt 0:00:18]} e5 {[%emt 0:00:07]} 23. Bxe5 {[%emt 0:01:12]} Ne6 {[%emt 0:01:14]} 24. Qd2 {[%emt 0:00:41]} Bc4 {[%emt 0:00:29]} 25. f4 {[%emt 0:00:18]} Qb6+ {[%emt 0:00:20]} 26. Kh1 {[%emt 0:00:06]} f6 {[%emt 0:00:14]} 27. Bd6 {[%emt 0:00:08]} Qa6 {[%emt 0:00:20]} 28. Be7 {[%emt 0:00:49]} Re8 {[%emt 0:00:26]} 29. Qxd7 {[%emt 0:00:08]} Kh8 {[%emt 0:00:21]} 30. Bb7 {[%emt 0:00:36]} 1-0

[Event "HUN-ch Rapid 2019"]
[Site "Ajka"]
[Date "2019.07.21"]
[Round "12.13"]
[White "Borhy, Marcell"]
[Black "Dankhazi, Andras"]
[Result "1/2-1/2"]
[WhiteElo "2382"]
[BlackElo "2277"]
[Annotator "NA"]
[PlyCount "62"]
[EventDate "2019.07.18"]
[EventType "swiss"]
[EventCountry "HUN"]
[SourceTitle "playchess.com"]
[Source "ChessBase"]
[SourceQuality "1"]
[TimeControl "1200+5"]

1. d4 {[%emt 0:00:01]} Nf6 {[%emt 0:00:02]} 2. c4 {[%emt 0:00:06]} e6 {[%emt 0:00:01]} 3. g3 {[%emt 0:00:02]} Bb4+ {[%emt 0:00:02]} 4. Bd2 {[%emt 0:00:01]} Be7 {[%emt 0:00:00]} 5. Nf3 {[%emt 0:00:03]} d5 {[%emt 0:00:52]} 6. Bg2 {[%emt 0:00:02]} O-O {[%emt 0:00:01]} 7. O-O {[%emt 0:00:04]} Nbd7 8. Na3 {[%emt 0:00:36]} Ne4 {[%emt 0:01:47]} 9. Rc1 {[%emt 0:00:07]} Nxd2 {[%emt 0:01:45]} 10. Qxd2 {[%emt 0:00:06]} c6 {[%emt 0:00:37]} 11. cxd5 {[%emt 0:02:18]} exd5 {[%emt 0:00:12]} 12. Nb1 {[%emt 0:00:51]} Bd6 {[%emt 0:00:47]} 13. Nc3 {[%emt 0:00:05]} Qe7 {[%emt 0:00:06]} 14. Qc2 {[%emt 0:00:46]} Nf6 {[%emt 0:00:33]} 15. a3 {[%emt 0:00:29]} Re8 {[%emt 0:01:40]} 16. Rfe1 {[%emt 0:00:22]} Ne4 {[%emt 0:02:52]} 17. Nd2 {[%emt 0:00:31]} Nxd2 {[%emt 0:02:25]} 18. Qxd2 {[%emt 0:00:01]} Bf5 {[%emt 0:00:01]} 19. f3 {[%emt 0:01:38]} Qe3+ {[%emt 0:00:10]} 20. Qxe3 {[%emt 0:00:03]} Rxe3 {[%emt 0:00:01]} 21. Nd1 {[%emt 0:00:15]} Ree8 {[%emt 0:00:11]} 22. Nc3 {[%emt 0:00:07]} Rad8 {[%emt 0:00:38]} 23. e4 {[%emt 0:00:17]} dxe4 {[%emt 0:00:01]} 24. fxe4 {[%emt 0:00:02]} Bd7 {[%emt 0:00:30]} 25. Kh1 {[%emt 0:00:54]} c5 {[%emt 0:00:56]} 26. e5 {[%emt 0:00:13]} cxd4 {[%emt 0:00:02]} 27. exd6 {[%emt 0:00:03]} Rxe1+ {[%emt 0:00:08]} 28. Rxe1 {[%emt 0:00:02]} dxc3 {[%emt 0:00:00]} 29. bxc3 {[%emt 0:00:03]} b6 {[%emt 0:00:37]} 30. Re7 {[%emt 0:01:09]} Kf8 {[%emt 0:00:19]} 31. Bd5 {[%emt 0:00:52]} Be8 {[%emt 0:00:15]} 1/2-1/2

[Event "HUN-ch Rapid 2019"]
[Site "Ajka"]
[Date "2019.07.21"]
[Round "12.14"]
[White "Csiszar, Csaba"]
[Black "Varga, Klara"]
[Result "1-0"]
[WhiteElo "2432"]
[BlackElo "2146"]
[Annotator "NA"]
[PlyCount "85"]
[EventDate "2019.07.18"]
[EventType "swiss"]
[EventCountry "HUN"]
[SourceTitle "playchess.com"]
[Source "ChessBase"]
[SourceQuality "1"]
[TimeControl "1200+5"]

1. d4 {[%emt 0:00:01]} Nf6 {[%emt 0:00:08]} 2. Nf3 {[%emt 0:00:02]} e6 {[%emt 0:00:01]} 3. e3 {[%emt 0:00:03]} c5 {[%emt 0:00:01]} 4. Bd3 {[%emt 0:00:02]} b6 {[%emt 0:00:01]} 5. O-O {[%emt 0:00:03]} Bb7 {[%emt 0:00:01]} 6. b3 {[%emt 0:00:01]} cxd4 {[%emt 0:00:02]} 7. exd4 {[%emt 0:00:01]} d6 {[%emt 0:00:01]} 8. Bb2 {[%emt 0:00:02]} Nbd7 {[%emt 0:00:01]} 9. Nbd2 {[%emt 0:00:04]} Be7 {[%emt 0:00:01]} 10. c4 {[%emt 0:00:23]} O-O {[%emt 0:00:03]} 11. Qe2 {[%emt 0:00:02]} Re8 {[%emt 0:00:03]} 12. Ng5 {[%emt 0:00:05]} h6 {[%emt 0:00:06]} 13. f4 {[%emt 0:00:02]} Nf8 {[%emt 0:00:53]} 14. Ngf3 {[%emt 0:00:23]} Rc8 {[%emt 0:01:19]} 15. Rae1 {[%emt 0:00:07]} Qd7 {[%emt 0:01:08]} 16. Qf2 {[%emt 0:00:17]} Nh5 {[%emt 0:00:22]} 17. Qe3 {[%emt 0:00:31]} Nh7 {[%emt 0:01:02]} 18. Bb1 {[%emt 0:02:17]} Bf8 {[%emt 0:00:22]} 19. g4 {[%emt 0:00:35]} N5f6 {[%emt 0:00:52]} 20. g5 {[%emt 0:02:23]} Ng4 {[%emt 0:00:19]} 21. Qd3 {[%emt 0:00:14]} g6 {[%emt 0:00:01]} 22. h3 {[%emt 0:00:05]} e5 {[%emt 0:00:14]} 23. d5 {[%emt 0:00:49]} Bg7 {[%emt 0:02:49]} 24. Ne4 {[%emt 0:00:44]} exf4 {[%emt 0:00:21]} 25. Bxg7 {[%emt 0:00:03]} Kxg7 {[%emt 0:00:04]} 26. hxg4 {[%emt 0:00:09]} Qxg4+ {[%emt 0:00:01]} 27. Kf2 {[%emt 0:00:01]} Nxg5 {[%emt 0:01:39]} 28. Nfxg5 {[%emt 0:02:05]} hxg5 {[%emt 0:00:18]} 29. Qc3+ {[%emt 0:00:40]} Re5 {[%emt 0:00:17]} 30. Rh1 {[%emt 0:00:08]} Bxd5 {[%emt 0:01:54]} 31. Reg1 {[%emt 0:01:08]} Qd7 {[%emt 0:01:29]} 32. Rh7+ {[%emt 0:01:36]} Kf8 {[%emt 0:00:16]} 33. Nf6 {[%emt 0:00:15]} Qe6 {[%emt 0:01:03]} 34. Nxd5 {[%emt 0:00:15]} g4 {[%emt 0:01:07]} 35. Nxf4 {[%emt 0:02:42]} Qf6 {[%emt 0:00:25]} 36. Kg3 {[%emt 0:01:29]} Rce8 {[%emt 0:00:21]} 37. Re1 {[%emt 0:01:12]} Kg8 {[%emt 0:01:44]} 38. Rxe5 {[%emt 0:00:48]} dxe5 {[%emt 0:00:10]} 39. Nd5 {[%emt 0:00:11]} Qf1 {[%emt 0:00:34]} 40. Rh2 {[%emt 0:00:04]} Kg7 {[%emt 0:00:48]} 41. Qe3 {[%emt 0:00:09]} Qf3+ {[%emt 0:00:56]} 42. Qxf3 {[%emt 0:00:02]} gxf3 {[%emt 0:00:01]} 43. Kxf3 {[%emt 0:00:01]} 1-0

[Event "HUN-ch Rapid 2019"]
[Site "Ajka"]
[Date "2019.07.21"]
[Round "12.15"]
[White "Bodi, Tibor"]
[Black "Csonka, Balazs"]
[Result "1/2-1/2"]
[WhiteElo "2244"]
[BlackElo "2472"]
[Annotator "ChessBase"]
[PlyCount "50"]
[EventDate "2019.07.18"]
[EventType "swiss"]
[EventCountry "HUN"]
[SourceTitle "playchess.com"]
[Source "ChessBase"]
[SourceQuality "1"]
[TimeControl "1200+5"]

1. Nf3 {[%emt 0:00:10]} c5 {[%emt 0:00:18]} 2. c4 {[%emt 0:00:06]} Nf6 {[%emt 0:00:44]} 3. Nc3 {[%emt 0:00:01]} d5 {[%emt 0:01:29]} 4. cxd5 {[%emt 0:00:10]} Nxd5 {[%emt 0:00:02]} 5. e4 {[%emt 0:00:42]} Nb4 {[%emt 0:00:15]} 6. Bb5+ {[%emt 0:00:39]} N8c6 {[%emt 0:01:40]} 7. O-O {[%emt 0:00:23]} a6 {[%emt 0:00:43]} 8. Bxc6+ {[%emt 0:01:20]} Nxc6 {[%emt 0:00:02]} 9. d3 {[%emt 0:00:16]} Bg4 {[%emt 0:01:51]} 10. h3 {[%emt 0:00:38]} Bxf3 {[%emt 0:01:31]} 11. Qxf3 {[%emt 0:00:01]} g6 {[%emt 0:00:27]} 12. Be3 {[%emt 0:00:50]} b6 {[%emt 0:00:11]} 13. Qe2 {[%emt 0:06:58]} Bg7 {[%emt 0:00:13]} 14. Rfd1 {[%emt 0:00:24]} O-O {[%emt 0:00:17]} 15. Rab1 {[%emt 0:00:20]} e6 {[%emt 0:00:41]} 16. a3 {[%emt 0:00:19]} Rc8 {[%emt 0:01:06]} 17. Qd2 {[%emt 0:00:49]} Nd4 {[%emt 0:00:59]} 18. Ne2 {[%emt 0:00:25]} Nxe2+ {[%emt 0:01:42]} 19. Qxe2 {[%emt 0:00:01]} Qd7 {[%emt 0:00:19]} 20. b4 {[%emt 0:00:17]} Qa4 {[%emt 0:00:38]} 21. bxc5 {[%emt 0:00:22]} bxc5 {[%emt 0:00:01]} 22. Rd2 {[%emt 0:03:28]} Rfd8 {[%emt 0:02:07]} 23. Ra2 {[%emt 0:00:02]} c4 {[%emt 0:02:04]} 24. Rb4 {[%emt 0:00:27]} cxd3 {[%emt 0:00:01]} 25. Rxa4 {[%emt 0:00:05]} dxe2 {[%emt 0:00:02]} 1/2-1/2

[Event "HUN-ch Rapid 2019"]
[Site "Ajka"]
[Date "2019.07.21"]
[Round "12.16"]
[White "Emodi, Barnabas"]
[Black "Gelle, Istvan"]
[Result "1/2-1/2"]
[WhiteElo "2365"]
[BlackElo "2325"]
[Annotator "NA"]
[PlyCount "122"]
[EventDate "2019.07.18"]
[EventType "swiss"]
[EventCountry "HUN"]
[SourceTitle "playchess.com"]
[Source "ChessBase"]
[SourceQuality "1"]
[TimeControl "1200+5"]

1. d4 {[%emt 0:00:02]} d5 {[%emt 0:00:01]} 2. Nf3 {[%emt 0:00:02]} c6 {[%emt 0:00:02]} 3. c4 {[%emt 0:00:03]} Nf6 {[%emt 0:00:02]} 4. Qb3 {[%emt 0:00:03]} dxc4 {[%emt 0:00:09]} 5. Qxc4 {[%emt 0:00:02]} e6 {[%emt 0:00:59]} 6. g3 {[%emt 0:00:12]} Be7 {[%emt 0:00:35]} 7. Bg2 {[%emt 0:00:04]} O-O {[%emt 0:00:03]} 8. O-O {[%emt 0:00:05]} b5 {[%emt 0:01:21]} 9. Qc2 {[%emt 0:00:12]} Bb7 {[%emt 0:00:15]} 10. Bg5 {[%emt 0:01:04]} Nbd7 {[%emt 0:01:43]} 11. Rd1 {[%emt 0:00:41]} Rc8 {[%emt 0:00:31]} 12. Nc3 {[%emt 0:00:46]} a6 {[%emt 0:00:27]} 13. Ne5 {[%emt 0:01:50]} h6 {[%emt 0:01:15]} 14. Nxd7 {[%emt 0:01:07]} Nxd7 {[%emt 0:00:26]} 15. Bxe7 {[%emt 0:00:52]} Qxe7 {[%emt 0:00:02]} 16. Rac1 {[%emt 0:00:20]} Nf6 {[%emt 0:01:15]} 17. Ne4 {[%emt 0:00:30]} Nxe4 {[%emt 0:00:56]} 18. Qxe4 {[%emt 0:00:10]} Rfd8 {[%emt 0:00:54]} 19. Qe5 {[%emt 0:01:24]} Rd6 {[%emt 0:01:22]} 20. Qc5 {[%emt 0:02:24]} Rcd8 {[%emt 0:00:39]} 21. Rd3 {[%emt 0:00:27]} Kf8 {[%emt 0:00:49]} 22. b4 {[%emt 0:02:27]} f6 {[%emt 0:03:43]} 23. Rcc3 {[%emt 0:03:29]} e5 {[%emt 0:01:23]} 24. dxe5 {[%emt 0:00:21]} Qxe5 {[%emt 0:00:17]} 25. Qxe5 {[%emt 0:00:52]} fxe5 {[%emt 0:00:01]} 26. Be4 {[%emt 0:00:09]} Ke7 {[%emt 0:00:34]} 27. f3 {[%emt 0:00:13]} Rxd3 {[%emt 0:00:25]} 28. Bxd3 {[%emt 0:00:10]} Rd4 {[%emt 0:00:25]} 29. a3 {[%emt 0:00:05]} Kd7 {[%emt 0:00:26]} 30. Kf2 {[%emt 0:00:07]} Kc7 {[%emt 0:00:18]} 31. e3 {[%emt 0:00:08]} Rd6 {[%emt 0:00:13]} 32. Ke2 {[%emt 0:00:23]} Kb6 {[%emt 0:00:05]} 33. Be4 {[%emt 0:00:10]} a5 {[%emt 0:00:09]} 34. Rc5 {[%emt 0:00:05]} axb4 {[%emt 0:00:11]} 35. axb4 {[%emt 0:00:01]} Re6 {[%emt 0:00:03]} 36. h4 {[%emt 0:00:05]} Kc7 {[%emt 0:00:10]} 37. Kd3 {[%emt 0:00:07]} Kd6 {[%emt 0:00:03]} 38. Bf5 {[%emt 0:00:13]} Re8 {[%emt 0:00:06]} 39. Ke4 {[%emt 0:00:04]} Re7 {[%emt 0:00:28]} 40. g4 {[%emt 0:00:12]} Re8 {[%emt 0:00:09]} 41. g5 {[%emt 0:00:06]} hxg5 {[%emt 0:00:04]} 42. hxg5 {[%emt 0:00:01]} Re7 {[%emt 0:00:01]} 43. Bg4 {[%emt 0:00:25]} Re8 {[%emt 0:00:06]} 44. Bh3 {[%emt 0:00:27]} Re7 {[%emt 0:00:01]} 45. Bf1 {[%emt 0:00:05]} Re8 {[%emt 0:00:13]} 46. Be2 {[%emt 0:00:09]} Bc8 {[%emt 0:00:03]} 47. Rc1 {[%emt 0:00:04]} Be6 {[%emt 0:00:04]} 48. Rc2 {[%emt 0:00:12]} Rf8 {[%emt 0:00:04]} 49. Kd3 {[%emt 0:00:21]} Bf5+ {[%emt 0:00:05]} 50. e4 {[%emt 0:00:02]} Be6 {[%emt 0:00:01]} 51. Ke3 {[%emt 0:00:02]} Ra8 {[%emt 0:00:09]} 52. Rd2+ {[%emt 0:00:03]} Ke7 {[%emt 0:00:03]} 53. Rd3 {[%emt 0:00:08]} Ra4 {[%emt 0:00:04]} 54. Rc3 {[%emt 0:00:05]} Kd6 {[%emt 0:00:06]} 55. Rd3+ {[%emt 0:00:03]} Kc7 {[%emt 0:00:01]} 56. Rd1 {[%emt 0:00:04]} Rxb4 {[%emt 0:00:02]} 57. Rh1 {[%emt 0:00:01]} Rb3+ {[%emt 0:00:12]} 58. Kf2 {[%emt 0:00:03]} Rb2 {[%emt 0:00:01]} 59. Ke3 {[%emt 0:00:01]} Rb3+ {[%emt 0:00:19]} 60. Kf2 {[%emt 0:00:02]} Rb2 {[%emt 0:00:06]} 61. Ke3 {[%emt 0:00:01]} Rb3+ {[%emt 0:00:01]} 1/2-1/2

[Event "HUN-ch Rapid 2019"]
[Site "Ajka"]
[Date "2019.07.21"]
[Round "12.17"]
[White "Nemeth, Zoltan"]
[Black "Marosi, Levente"]
[Result "1-0"]
[WhiteElo "2275"]
[BlackElo "2225"]
[Annotator "NA"]
[PlyCount "72"]
[EventDate "2019.07.18"]
[EventType "swiss"]
[EventCountry "HUN"]
[SourceTitle "playchess.com"]
[Source "ChessBase"]
[SourceQuality "1"]
[TimeControl "1200+5"]

1. d4 {[%emt 0:00:03]} Nf6 {[%emt 0:00:10]} 2. Nf3 {[%emt 0:00:06]} e6 {[%emt 0:00:04]} 3. g3 {[%emt 0:00:03]} b5 {[%emt 0:00:01]} 4. Bg2 {[%emt 0:00:02]} d5 {[%emt 0:00:01]} 5. O-O {[%emt 0:00:06]} Be7 {[%emt 0:00:11]} 6. Bg5 {[%emt 0:00:42]} O-O {[%emt 0:00:09]} 7. c3 {[%emt 0:00:03]} h6 {[%emt 0:00:08]} 8. Bxf6 {[%emt 0:00:02]} Bxf6 {[%emt 0:00:01]} 9. Nbd2 {[%emt 0:00:02]} Bb7 {[%emt 0:00:42]} 10. Re1 {[%emt 0:00:02]} Nd7 {[%emt 0:00:10]} 11. e4 {[%emt 0:00:11]} dxe4 {[%emt 0:00:04]} 12. Nxe4 {[%emt 0:00:02]} Be7 {[%emt 0:00:03]} 13. Ne5 {[%emt 0:00:17]} Nxe5 {[%emt 0:00:35]} 14. dxe5 {[%emt 0:00:03]} Qxd1 {[%emt 0:01:48]} 15. Raxd1 {[%emt 0:00:02]} Bd5 {[%emt 0:00:13]} 16. b3 {[%emt 0:02:43]} Rad8 {[%emt 0:00:07]} 17. f4 {[%emt 0:00:07]} a5 {[%emt 0:05:45]} 18. Nf2 {[%emt 0:02:26]} c6 {[%emt 0:02:37]} 19. Re2 {[%emt 0:00:17]} Bc5 {[%emt 0:02:32]} 20. Red2 {[%emt 0:00:18]} Rc8 {[%emt 0:00:02]} 21. Kf1 {[%emt 0:00:59]} a4 {[%emt 0:00:39]} 22. Nd3 {[%emt 0:04:55]} Be7 {[%emt 0:00:03]} 23. b4 {[%emt 0:01:58]} Bc4 {[%emt 0:00:52]} 24. Ke1 {[%emt 0:00:09]} g5 {[%emt 0:01:42]} 25. Kf2 {[%emt 0:00:37]} c5 {[%emt 0:00:29]} 26. bxc5 {[%emt 0:01:16]} Bxc5+ {[%emt 0:00:01]} 27. Nxc5 {[%emt 0:00:02]} Rxc5 {[%emt 0:00:01]} 28. Be4 {[%emt 0:01:03]} Kg7 {[%emt 0:00:42]} 29. Ke3 {[%emt 0:01:24]} Rfc8 {[%emt 0:00:06]} 30. Rb1 {[%emt 0:00:31]} R8c7 {[%emt 0:00:32]} 31. Rb4 {[%emt 0:00:42]} Bf1 {[%emt 0:00:32]} 32. Kf2 {[%emt 0:00:11]} Bc4 {[%emt 0:00:28]} 33. Ke3 {[%emt 0:00:01]} Bf1 {[%emt 0:00:04]} 34. Kf2 {[%emt 0:00:01]} Bc4 {[%emt 0:00:01]} 35. Ke3 {[%emt 0:00:01]} Bf1 {[%emt 0:00:34]} 36. Kf2 {[%emt 0:00:01]} Bc4 {[%emt 0:00:21]} 1-0

[Event "HUN-ch Rapid 2019"]
[Site "Ajka"]
[Date "2019.07.21"]
[Round "12.18"]
[White "Amrein, Roland"]
[Black "Farago, Ivan"]
[Result "0-1"]
[WhiteElo "2198"]
[BlackElo "2350"]
[Annotator "NA"]
[PlyCount "50"]
[EventDate "2019.07.18"]
[EventType "swiss"]
[EventCountry "HUN"]
[SourceTitle "playchess.com"]
[Source "ChessBase"]
[SourceQuality "1"]
[TimeControl "1200+5"]

1. e4 {[%emt 0:00:02]} e6 {[%emt 0:00:01]} 2. d4 {[%emt 0:00:06]} d5 {[%emt 0:00:02]} 3. Nd2 {[%emt 0:00:02]} c5 {[%emt 0:00:22]} 4. Ngf3 {[%emt 0:00:06]} Nc6 {[%emt 0:00:03]} 5. Bb5 {[%emt 0:00:04]} cxd4 {[%emt 0:00:05]} 6. Nxd4 {[%emt 0:00:02]} Bd7 {[%emt 0:00:03]} 7. Nxc6 {[%emt 0:00:02]} bxc6 {[%emt 0:00:02]} 8. Bd3 {[%emt 0:00:02]} Qc7 {[%emt 0:00:05]} 9. Qe2 {[%emt 0:00:10]} Ne7 {[%emt 0:00:04]} 10. e5 {[%emt 0:03:44]} c5 {[%emt 0:01:28]} 11. c4 {[%emt 0:00:08]} Nc6 {[%emt 0:01:18]} 12. f4 {[%emt 0:00:35]} Nd4 {[%emt 0:00:30]} 13. Qf2 {[%emt 0:00:42]} Be7 {[%emt 0:00:14]} 14. O-O {[%emt 0:00:11]} O-O {[%emt 0:00:06]} 15. Nf3 {[%emt 0:01:50]} dxc4 {[%emt 0:00:35]} 16. Bxc4 {[%emt 0:00:06]} Nxf3+ {[%emt 0:00:31]} 17. Qxf3 {[%emt 0:00:04]} Bc6 {[%emt 0:00:02]} 18. Qe2 {[%emt 0:00:18]} Rad8 {[%emt 0:00:56]} 19. f5 {[%emt 0:00:57]} exf5 {[%emt 0:00:34]} 20. Rxf5 {[%emt 0:00:05]} Bd5 {[%emt 0:00:17]} 21. Bg5 {[%emt 0:02:28]} Bxc4 {[%emt 0:00:55]} 22. Qxc4 {[%emt 0:00:07]} g6 {[%emt 0:01:07]} 23. Bf6 {[%emt 0:02:58]} gxf5 {[%emt 0:01:35]} 24. Rf1 {[%emt 0:01:56]} Bxf6 {[%emt 0:00:11]} 25. exf6 {[%emt 0:00:03]} Qe5 0-1

[Event "HUN-ch Rapid 2019"]
[Site "Ajka"]
[Date "2019.07.21"]
[Round "12.19"]
[White "Terbe, Julianna"]
[Black "Deak, Sandor"]
[Result "1-0"]
[WhiteElo "2298"]
[BlackElo "2279"]
[Annotator "NA"]
[PlyCount "35"]
[EventDate "2019.07.18"]
[EventType "swiss"]
[EventCountry "HUN"]
[SourceTitle "playchess.com"]
[Source "ChessBase"]
[SourceQuality "1"]
[TimeControl "1200+5"]

1. d4 {[%emt 0:00:03]} Nf6 {[%emt 0:00:25]} 2. Bf4 {[%emt 0:00:03]} c5 {[%emt 0:00:03]} 3. e3 {[%emt 0:00:02]} Qb6 {[%emt 0:00:12]} 4. Nc3 {[%emt 0:00:08]} cxd4 {[%emt 0:00:08]} 5. exd4 {[%emt 0:00:04]} Qxb2 {[%emt 0:02:45]} 6. Nb5 {[%emt 0:00:08]} Na6 {[%emt 0:01:48]} 7. a3 {[%emt 0:01:00]} d5 {[%emt 0:04:33]} 8. Rb1 {[%emt 0:02:04]} Qa2 {[%emt 0:00:01]} 9. Qc1 {[%emt 0:00:36]} e5 {[%emt 0:05:05]} 10. Ra1 {[%emt 0:01:38]} Qxa1 {[%emt 0:00:06]} 11. Qxa1 {[%emt 0:00:01]} exf4 {[%emt 0:00:01]} 12. Bd3 {[%emt 0:00:13]} Be7 {[%emt 0:00:33]} 13. Qc1 {[%emt 0:00:35]} O-O {[%emt 0:00:08]} 14. Qxf4 {[%emt 0:00:31]} Bd7 {[%emt 0:00:01]} 15. Ne2 {[%emt 0:01:21]} Bxb5 {[%emt 0:00:06]} 16. Bxb5 {[%emt 0:00:01]} Bxa3 {[%emt 0:00:01]} 17. O-O {[%emt 0:00:02]} Nc7 {[%emt 0:00:04]} 18. Qxc7 {[%emt 0:00:11]} 1-0